000 00754nam a22002057a 4500
999 _c20518
_d20518
003 AR-CdUCM
008 190531b ||||| |||| 00| 0 spa d
040 _aMUNICIPALIDAD PROVINCIAL DEL CUSCO
_cBIBLIOTECA MUNICIPAL DEL CUSCO
082 _a375.32 /
_bW72
100 _aWiman, Raymond V.
_942889
245 _aMaterial didáctico :
_bIdeas prácticas para su desarrollo /
260 _aMéxico :
_bTrillas,
_c1973.
300 _a174 páginas ;
_bGraficos, imagenes
_c26 cm.
505 _aContenido : Tablero de anuncios -- Figuras de papel -- Rótulos -- Habilidades y técnicas para el pizarrón...
650 _aGuía para docente
_942890
650 _aRetroproyector
_942891
650 _aTermocopiado
_942892
942 _2ddc
_cLIBROS
945 _arcc